000 01649nam a22004097a 4500
003 CHAP
005 20220817044448.0
008 110801s2011 mx r 00010 spa d
010 _a101662
011 _a102634
035 _a113323
040 _cCHAP
090 _aTesis
100 1 _aFlores García, Alfredo.
_941536
245 1 0 _aCaracterización química de aceite de fruto de palma de tasiste (Acoelorraphe wrighii H. Wendl)
_h[ En línea]
_c/por Alfredo Flores García y Froylán Rafael Rodríguez Barrios
260 _aChapingo, Méx. :
_bEl autor,
_c2011
500 _aPara ver el contenido del material haga clic en la liga
502 _aTesis (Ing. Agroindustrial) -- UACH. Departamento de Ingeniería Agroindustrial
590 _aALEPH
_b10
_c20130110
_lUCH01
_h1541
590 _aBATCH-UPD
_b10
_c20130110
_lUCH01
_h0944
590 _aBATCH-UPD
_b10
_c20130410
_lUCH01
_h0600
590 _aBATCH-UPD
_b10
_c20130913
_lUCH01
_h1855
590 _aBATCH-UPD
_b10
_c20140324
_lUCH01
_h1526
590 _aBATCH-UPD
_b10
_c20141002
_lUCH01
_h0850
590 _aCONVERSION
_b10
_c20130109
_lUCH01
_h1356
650 1 4 _aAceite de palma.
_9446
650 1 4 _aAceites vegetales
_xAnalisis.
_9458
650 1 4 _aÁcidos grasos.
650 1 4 _aAnálisis cromatográfico.
_95964
650 1 4 _aFruta
_xProcesado.
_943653
700 1 _aRodríguez Barrios, Froylán Rafael.
_998316
856 _3Finding aid
_uhttp://10.13.5.2/tesis/113323.pdf
_zTeclea aqui
901 _aBK
942 _cFOLL
949 _aTesis
_bBC
_cTES
_d33724002248868
_eTS1
_gDonaciØn
_h52495
_i113323
_st
949 _aTesis
_bBC
_cTES
_d33724002248900
_eTS2
_fc.2
_gDonaciØn
_h52496
_i113323
_st
999 _c101662
_d101662